|
|
|
|
| LEADER |
00630nab a2200169 i 4500 |
| 001 |
misc74589 |
| 005 |
20240122110145.0 |
| 008 |
240122s1937 hu o 000 hun d |
| 040 |
|
|
|a SZTE Miscellanea Repozitórium
|b hun
|
| 041 |
|
|
|a hun
|
| 245 |
0 |
0 |
|a Szent-Györgyi Albert dr magyar professzor kapta az idei orvosi Nobel-díjat
|h [elektronikus dokumentum]
|
| 260 |
|
|
|c 1937-10-30
|
| 300 |
|
|
|a 1
|
| 490 |
0 |
|
|a Körösvidék
|v 18 No. 247
|
| 561 |
|
|
|a Szent-Györgyi Albertről szóló irodalom
|
| 695 |
|
|
|a orvosi Nobel-díj, C-vitamin, Szent-Györgyi Albert
|
| 856 |
4 |
0 |
|u http://misc.bibl.u-szeged.hu/74589/1/szgya_1937_223.pdf
|z Dokumentum-elérés
|